000 00687nam a2200205Ii 4500
003 JO-AjNU
008 230605s9999||||xx |||||||||||||| ||und||
040 _aJO-AjNU
_bara
_erda
_cJO-AjNU
041 _aara
050 1 4 _aHF5688.C6512 1986
100 3 _aترجمة: مدبك،جورج ؛ اعداد:راتب قبيعة,
_eauthor
_915715
245 0 0 _aالكمبيوتر في مكاتب المحاسبة
250 _aط1
264 3 1 _aبيروت: دار الراتب الجامعية، 1986
300 _a256ص
336 _atext
_btxt
_2rdacontent
337 _aunmediated
_bn
_2rdamedia
338 _avolume
_bnc
_2rdacarrier
650 4 _aالمحاسبة - الكمبيوتر
_915716
999 _aA4502
_c8070
_d8070